The modern democratic state / (Record no. 41759)
[ view plain ]
| 000 -LEADER | |
|---|---|
| fixed length control field | 00907nam a2200277 a 4500 |
| 001 - CONTROL NUMBER | |
| control field | 41759 |
| 003 - CONTROL NUMBER IDENTIFIER | |
| rucl marc code | BD-RjUL |
| 005 - DATE AND TIME OF LATEST TRANSACTION | |
| control field | 20211209053438.0 |
| 008 - FIXED-LENGTH DATA ELEMENTS--GENERAL INFORMATION | |
| fixed length control field | 160605m1943 enk 000 0 eng c |
| 035 ## - SYSTEM CONTROL NUMBER | |
| System control number | (BD-RjUL)41877 |
| System control number | (OCoLC)597733 |
| 040 ## - CATALOGING SOURCE | |
| Original cataloging agency | Harvard Univ. Library |
| Transcribing agency | ODaU |
| Modifying agency | MoSU-L |
| -- | DLC |
| -- | (BD-RjUL) |
| Language of cataloging | eng |
| 041 ## - LANGUAGE CODE | |
| Language code of text/sound track or separate title | eng |
| 082 ## - DEWEY DECIMAL CLASSIFICATION NUMBER | |
| Classification number | 321.8 |
| Edition number | 23 |
| Author mark and year | LIM 1943 |
| 100 1# - MAIN ENTRY--PERSONAL NAME | |
| Personal name | Lindsay, A. D. |
| Fuller form of name | (Alexander Dunlop), |
| Dates associated with a name | 1879-1952 |
| 9 (RLIN) | 116762 |
| 245 14 - TITLE STATEMENT | |
| Title | The modern democratic state / |
| Statement of responsibility, etc. | by A.D. Lindsay. |
| 260 ## - PUBLICATION, DISTRIBUTION, ETC. (IMPRINT) | |
| Place of publication, distribution, etc. | London : |
| -- | New York : |
| Name of publisher, distributor, etc. | Oxford University Press, |
| Date of publication, distribution, etc. | 1943 |
| 300 ## - PHYSICAL DESCRIPTION | |
| Pagination | v. ; |
| Size | 19 cm. |
| 500 ## - GENERAL NOTE | |
| General note | "Issued under the auspices of the Royal Institute of International Affairs." |
| 505 0# - FORMATTED CONTENTS NOTE | |
| Formatted contents note | V-1 --- |
| 650 #0 - SUBJECT ADDED ENTRY--TOPICAL TERM | |
| Topical term or geographic name as entry element | Democracy. |
| 9 (RLIN) | 128284 |
| Topical term or geographic name as entry element | State, The. |
| 9 (RLIN) | 118101 |
| 710 2# - ADDED ENTRY--CORPORATE NAME | |
| Corporate name or jurisdiction name as entry element | Royal Institute of International Affairs. |
| 9 (RLIN) | 118102 |
| 942 ## - ADDED ENTRY ELEMENTS (KOHA) | |
| Source of classification or shelving scheme | Dewey Decimal Classification |
| Koha item type | Books |
| Lost status | Source of classification or shelving scheme | Damaged status | Not for loan | Collection code | Permanent Location | Current Location | Shelving location | Date acquired | Source of acquisition | Total Checkouts | Full call number | Date last seen | Copy number | Koha item type | Cost, normal purchase price |
|---|---|---|---|---|---|---|---|---|---|---|---|---|---|---|---|
| Dewey Decimal Classification | Non-fiction | Central Library, University of Rajshahi | Central Library, University of Rajshahi | 29/03/1974 | B.N.B.C | 321.8 LIM V-1 1943 | 05/06/2016 | C-2 | Books | ||||||
| Dewey Decimal Classification | Non-fiction | Central Library, University of Rajshahi | Central Library, University of Rajshahi | 22/06/1955 | O.U.P | 321.8 LIM V-1 1951 | 05/06/2016 | C-3 | Books | 7.14 |